| 000 | 00488nam a22001577a 4500 | ||
|---|---|---|---|
| 003 | macl | ||
| 005 | 20230329144016.0 | ||
| 008 | 230329b |||||||| |||| 00| 0 eng d | ||
| 040 | _cmacl | ||
| 050 | _a891.433/KAN | ||
| 100 |
_aकंकरिया, मधु _981883 |
||
| 245 | _aढलती साँझ का सूरज | ||
| 260 |
_aनई दिल्ली _bराजकमल प्रकाशन _c2022 |
||
| 650 | _aउपन्यास | ||
| 942 |
_2ddc _cHIN _k891.433 |
||
| 999 |
_c66072 _d66072 |
||